Udržateľný mestský rozvoj a iniciatívy EÚ diplomová práca

Gespeichert in:
Bibliographische Detailangaben
1. Verfasser: Peštová, Viktória, 1995-
Körperschaft: Fakulta medzinárodných vzťahov EU. Katedra medzinárodných ekonomických vzťahov a hospodárskej diplomacie
Weitere Verfasser: Baculáková, Kristína, 1988-
Format: Buch
Sprache:Slowakisch
Veröffentlicht: Bratislava 2021
Tags: Tag hinzufügen
Keine Tags, Fügen Sie das erste Tag hinzu!

MARC

LEADER 00000nbm a2200000 4500
001 0275362
005 20220314132838.8
041 0 |a slo 
044 |a SK 
245 1 0 |a Udržateľný mestský rozvoj a iniciatívy EÚ  |b diplomová práca  |c Viktória Peštová ; školiteľ: Kristína Baculáková 
264 1 |a Bratislava  |c 2021 
300 |a 88 s. 
100 1 |a Peštová, Viktória, 1995- 
700 1 |a Baculáková, Kristína, 1988- 
710 2 |a Fakulta medzinárodných vzťahov EU. Katedra medzinárodných ekonomických vzťahov a hospodárskej diplomacie